LEADER 01678nam 2200289la 450 001 9910482621103321 005 20221102161827.0 035 $a(UK-CbPIL)2090359345 035 $a(CKB)5500000000092963 035 $a(EXLCZ)995500000000092963 100 $a20221102d1621 uy | 101 0 $aeng 135 $aurcn||||a|bb| 181 $ctxt$2rdacontent 182 $cc$2rdamedia 183 $acr$2rdacarrier 200 10$aHungers preuention: or, the whole arte of fowling by water and land. Containing all the secrets belonging to that arte, and brought into a true forme or method, by which the most ignorant may know how to take any kind of fowle, either by land or water. Also, exceeding necessary and profitable for all such as trauell by Sea, and come into vninhabited places: Especially, all those that haue any thing to doe with new Plantations 210 $aLondon $cAugustine Mathewes$d1621 215 $aOnline resource (7[8] l., 285 p. : woodcut front. & ill. , (8vo)) 300 $aReproduction of original in The Wellcome Library, London. 700 $aMarkham$b Gervase$f1568?-1637.$0877321 801 0$bUk-CbPIL 801 1$bUk-CbPIL 906 $aBOOK 912 $a9910482621103321 996 $aHungers preuention: or, the whole arte of fowling by water and land. Containing all the secrets belonging to that arte, and brought into a true forme or method, by which the most ignorant may know how to take any kind of fowle, either by land or water. Also, exceeding necessary and profitable for all such as trauell by Sea, and come into vninhabited places: Especially, all those that haue any thing to doe with new Plantations$91959085 997 $aUNINA